<?xml version="1.0" encoding="UTF-8"?>
<collection xmlns="http://www.loc.gov/MARC21/slim">
 <record>
  <leader>01553nam a2200169Ia 4500</leader>
  <controlfield tag="001">CTU_166362</controlfield>
  <controlfield tag="008">210402s9999    xx            000 0 und d</controlfield>
  <datafield tag="082" ind1=" " ind2=" ">
   <subfield code="a">363.61</subfield>
  </datafield>
  <datafield tag="082" ind1=" " ind2=" ">
   <subfield code="b">F194/Vol.1</subfield>
  </datafield>
  <datafield tag="100" ind1=" " ind2=" ">
   <subfield code="a">Fall , Matar</subfield>
  </datafield>
  <datafield tag="245" ind1=" " ind2="0">
   <subfield code="a">Reforming urban water utilities in Western and Central Africa :</subfield>
  </datafield>
  <datafield tag="245" ind1=" " ind2="0">
   <subfield code="b">Experiences with public-private partnerships</subfield>
  </datafield>
  <datafield tag="245" ind1=" " ind2="0">
   <subfield code="c">Matar Fall ... [et al.]</subfield>
  </datafield>
  <datafield tag="260" ind1=" " ind2=" ">
   <subfield code="c">2009</subfield>
  </datafield>
  <datafield tag="520" ind1=" " ind2=" ">
   <subfield code="a">Reforming Urban Water Utilities in Western and Central Africa: Experiences with Public-Private Partnerships - Volume 1: Impact and Lessons Learned. Matar Fall, Philippe Marin, Alain Locussol, Richard Verspyck. The Western and Central Africa has one of the longest experiences with public-private partnerships (PPPs) in the developing world, both for water supply and for combined power and water supply utilities. Cote d'Ivoire has a successful partnership dating from 1959, and over the last two decades as many as 15 countries (out of 23 in the region) have experimented with PPPs: eight for water supply operations alone and seven for combined power and water supply operations. This discussion paper documents the region's experience with PPPs for urban water supply in a comprehensive manner to help inform the current debate about the benefits brought by PPPs, in the context of helping Africa to achieve the Millennium Development Goals (MDG). Eleven PPPs have been studied, and detailed performance indicators</subfield>
  </datafield>
  <datafield tag="650" ind1=" " ind2=" ">
   <subfield code="a">Water supply,Cung cấp nước</subfield>
  </datafield>
  <datafield tag="980" ind1=" " ind2=" ">
   <subfield code="a">Trung tâm Học liệu Trường Đại học Cần Thơ</subfield>
  </datafield>
 </record>
</collection>
